| Tag |
First Indicator |
Second Indicator |
Subfields |
| LEADER |
00000cam a2200000 a 4500 |
| 001 |
in00002727890 |
| 005 |
20151202144202.0 |
| 008 |
110728s2011 nyu 000 1 eng |
| 010 |
|
|
|a 2011029167
|
| 020 |
|
|
|a 9780385532372 (hbk.)
|
| 020 |
|
|
|a 0385532377 (hbk.)
|
| 035 |
|
|
|a (OCoLC)ocn699763901
|
| 040 |
|
|
|a DLC
|c DLC
|d IG#
|d BTCTA
|d YDXCP
|d UPZ
|d IEB
|d AA5
|d HBP
|d VP@
|d BWX
|d TXA
|d UtOrBLW
|
| 043 |
|
|
|a n-us-fl
|
| 049 |
|
|
|a TXAM
|
| 050 |
0 |
0 |
|a PS3562.I51175
|b D68 2011
|
| 082 |
0 |
0 |
|a 813/.54
|2 23
|
| 100 |
1 |
|
|a Lindsay, Jeffry P.
|
| 245 |
1 |
0 |
|a Double Dexter :
|b a novel /
|c Jeff Lindsay.
|
| 250 |
|
|
|a 1st ed.
|
| 264 |
|
1 |
|a New York :
|b Doubleday,
|c [2011]
|
| 264 |
|
4 |
|c ©2011
|
| 300 |
|
|
|a 337 pages ;
|c 25 cm.
|
| 336 |
|
|
|a text
|b txt
|2 rdacontent
|
| 337 |
|
|
|a unmediated
|b n
|2 rdamedia
|
| 338 |
|
|
|a volume
|b nc
|2 rdacarrier
|
| 500 |
|
|
|a "An all-new Dexter case you won't see on TV"--Jacket.
|
| 520 |
|
|
|a Forensic analyst and nighttime vigilante Dexter Morgan discovers that he is being followed by a killer who is copying his methods, an adversary whom Dexter seeks to outmaneuver using his trademark knack for extricating himself from trouble.
|
| 650 |
|
0 |
|a Morgan, Dexter (Fictitious character)
|v Fiction.
|
| 650 |
|
0 |
|a Forensic scientists
|v Fiction.
|
| 650 |
|
0 |
|a Serial murderers
|v Fiction.
|
| 650 |
|
0 |
|a Vigilantes
|v Fiction.
|
| 651 |
|
0 |
|a Miami (Fla.)
|v Fiction.
|
| 655 |
|
0 |
|a Psychological fiction.
|
| 655 |
|
0 |
|a Suspense fiction.
|
| 655 |
|
7 |
|a Black humor.
|2 lcgft
|
| 655 |
|
7 |
|a Suspense fiction.
|2 gsafd
|
| 655 |
|
7 |
|a Black humor (Literature)
|2 gsafd
|
| 730 |
0 |
|
|a Dexter (Television program)
|
| 948 |
|
|
|a cataloged
|b h
|c 2011/11/10
|d c
|e ceaton
|f 1:13:58 pm
|
| 994 |
|
|
|a C0
|b TXA
|
| 999 |
|
|
|a MARS
|
| 999 |
f |
f |
|s b81bab1a-e992-3893-8c8a-8ee40e710521
|i e1cdba2b-b7dd-304c-9e3c-c96054fa124c
|t 0
|
| 952 |
f |
f |
|p ric
|a Texas A&M University
|b Rellis Campus
|c Joint Library Facility
|d Remote Storage
|t 0
|e PS3562.I51175 D68 2011
|h Library of Congress classification
|i unmediated -- volume
|m A14838791828
|
| 998 |
f |
f |
|a PS3562.I51175 D68 2011
|t 0
|l Remote Storage
|